|
|
|
|
| LEADER |
01985nam a2200337 a 4500 |
| 001 |
13689402 |
| 003 |
BD-DhAAL |
| 005 |
20241230165548.0 |
| 008 |
090908s2005 nyua b 001 0 eng d |
| 010 |
|
|
|a 2004019185
|
| 020 |
|
|
|a 0195173643 (cloth)
|
| 020 |
|
|
|a 9780195173642
|
| 040 |
|
|
|a DLC
|c DLC
|d DLC
|d BD-DhAAL
|
| 082 |
0 |
0 |
|a 616.89/00835
|2 22
|
| 245 |
0 |
0 |
|a Treating and preventing adolescent mental health disorders :
|b what we know and what we don't know : a research agenda for improving the mental health of our youth /
|c edited by the commission chairs of the Annenberg Foundation Trust at Sunnylands' Adolescent Mental Health Initiative, Dwight L. Evans, ...[et al.]
|
| 260 |
|
|
|a New York :
|b Oxford University Press,
|c 2005.
|
| 300 |
|
|
|a xi, 818 pages :
|b illustrations ;
|c 26 cm.
|
| 504 |
|
|
|a Includes bibliographical references (p. 625-790) and index.
|
| 526 |
|
|
|x Fahmida Saadia Rahman
Senior Lecturer
ESS
Course name and no. N/A
|
| 541 |
1 |
|
|a D.S. Books International
|e 00019253
|
| 650 |
|
0 |
|a Adolescent psychopathology.
|9 12072
|
| 650 |
|
0 |
|a Teenagers
|x Mental health.
|9 57388
|
| 650 |
|
0 |
|a Mental illness
|x Treatment.
|9 57389
|
| 650 |
|
0 |
|a Behavioral assessment of teenagers.
|9 57390
|
| 700 |
1 |
|
|a Evans, Dwight L.
|9 57391
|
| 710 |
2 |
|
|a Annenberg Foundation Trust at Sunnylands.
|9 17869
|
| 852 |
4 |
|
|a Ayesha Abed Library
|j General Shelf.
|
| 942 |
|
|
|2 ddc
|c BK
|
| 999 |
|
|
|c 3914
|d 3914
|
| 952 |
|
|
|0 0
|1 0
|2 ddc
|4 0
|6 616_890083500000000_TRE_2005
|7 0
|9 3556
|a BRACUL
|b BRACUL
|c GEN
|d 2009-09-15
|e D.S. Books International
|g 4459.00
|l 2
|m 9
|o 616.8900835 TRE
|p 3010019253
|r 2023-08-30
|s 2023-07-26
|t 1
|w 2009-09-15
|y BK
|x Requisitioned by Fahmida Saadia Rahman Department of ESS. Course name and no. N/A
|
| 952 |
|
|
|0 0
|1 0
|2 ddc
|4 0
|6 616_890083500000000_TRE_2005
|7 0
|9 11195
|a BRACUL
|b BRACUL
|c GEN
|d 2010-06-22
|e D.S. Books International
|g 4459.00
|l 2
|m 2
|o 616.8900835 TRE
|p 3010019254
|r 2025-04-20
|s 2025-04-13
|t 2
|w 2010-06-22
|y BK
|x Requisitioned by Fahmida Saadia Rahman Department of ESS. Course name and no. N/A
|